000 00231nam a22001217a 4500
040 _cSK
082 _a635
100 _aLY DALIN
245 _aPostharvest of cut flowers
260 _aRUA
_bLY
_c2011
300 _a43p.
942 _cEK
999 _c9204
_d9204